[Event "13th Schachtuerken Cup"]
[Site "Paderborn GER"]
[Date "2016.12.29"]
[Round "5.5"]
[White "Eckardt,Joshua"]
[Black "Wagner,Al"]
[Result "0-1"]
[WhiteElo "2165"]
[BlackElo "2266"]

1.d4 d5 2.c4 dxc4 3.e4 e5 4.Nf3 exd4 5.Bxc4 Nc6 6.O-O Be6 7.Bb5 Bc5 8.b4 Bb6
9.a4 a6 10.Bxc6+ bxc6 11.a5 Ba7 12.Bb2 Nf6 13.Bxd4 Nxe4 14.Bxa7 Qxd1 15.Rxd1 Rxa7
16.Nd4 Bd5 17.f3 Nd6 18.Nc3 Kd7 19.Na4 Rd8 20.Rac1 Raa8 21.Kf2 Ra7 22.Rc2 Rb8
23.Nc5+ Ke8 24.Nd3 f6 25.Nxc6 Bxc6 26.Rxc6 Rb5 27.g4 Kd7 28.Rc3 Kd8 29.Ke3 Kd7
30.Nc5+ Ke7 31.Rd4 Kf7 32.Kf2 Rb8 33.Rc2 Rb5 34.Nd3 Rab7 35.Rc6 Ra7 36.Nc5 Ke7
37.Rxa6 Rxa6 38.Nxa6 Kd7 39.Nc5+ Kc6 40.Ne6 g5 41.Ke2 Re5+  0-1

[Event "46th Rilton Cup 2016-17"]
[Site "Stockholm SWE"]
[Date "2016.12.29"]
[Round "3.4"]
[White "Sarkar,J"]
[Black "Blomqvist,E"]
[Result "1-0"]
[WhiteElo "2415"]
[BlackElo "2567"]

1.d4 d5 2.c4 dxc4 3.e4 e5 4.Nf3 exd4 5.Bxc4 Nc6 6.O-O Bc5 7.Qb3 Qf6 8.e5 Qf5
9.Re1 Nge7 10.Nbd2 Bb4 11.a3 Ba5 12.Bd3 Qh5 13.Re4 Bf5 14.Rh4 Qg6 15.Ne4 O-O-O
16.Rf4 Bxe4 17.Rxe4 h6 18.Rf4 Qe6 19.Qxe6+ fxe6 20.b4 Bb6 21.Rf7 Nf5 22.b5 Na5
23.g4 Ne3 24.fxe3 dxe3 25.Be2 Rhf8 26.Rxf8 Rxf8 27.Kg2 Nb3 28.Rb1 Nd4 29.Rb2 g5
30.Kg3 Kd7 31.Bxe3 Nxf3 32.Bxb6 Nxe5 33.Bd4 Ng6 34.Bg7  1-0

[Event "World Blitz Women 2016"]
[Site "Doha QAT"]
[Date "2016.12.30"]
[Round "14.17"]
[White "Zhu Chen"]
[Black "Geldyeva,M"]
[Result "1-0"]
[WhiteElo "2419"]
[BlackElo "2220"]

1.d4 d5 2.c4 dxc4 3.e4 e5 4.Nf3 exd4 5.Bxc4 Bb4+ 6.Nbd2 Be7 7.O-O Nf6 8.e5 Nd5
9.Qb3 c6 10.Nxd4 O-O 11.N2f3 Nb6 12.Bd3 N8d7 13.Qc2 h6 14.e6 Nc5 15.Bh7+ Kh8
16.exf7 Rxf7 17.Ne5 Rf6 18.Ndf3 Be6 19.Be3 Ncd7 20.Rad1 Qc7 21.Ng6+ Kxh7
22.Nxe7+ Kh8 23.Ng6+ Kg8 24.Rfe1 Bf5 25.Ne7+ Kh8 26.Nxf5 Raf8 27.Ne7 R8f7
28.Ng6+ Kg8 29.Bxb6 axb6 30.Re8+ Nf8 31.Rdd8 Qxd8 32.Rxd8 Rxg6 33.Qxg6  1-0

[Event "46th Rilton Cup 2016-17"]
[Site "Stockholm SWE"]
[Date "2017.01.05"]
[Round "9.18"]
[White "Haug,J"]
[Black "Westerberg,J"]
[Result "0-1"]
[WhiteElo "2287"]
[BlackElo "2483"]

1.d4 d5 2.c4 dxc4 3.e4 Nf6 4.e5 Nd5 5.Bxc4 Nb6 6.Bd3 Nc6 7.Ne2 Bg4 8.f3 Be6
9.Nbc3 Qd7 10.Ne4 Bd5 11.Nc5 Qc8 12.a3 e6 13.Qc2 Bxc5 14.Qxc5 Qd7 15.Be3 a6
16.O-O Nc4 17.Bxc4 b6 18.Bxd5 bxc5 19.Bxc6 Qxc6 20.dxc5 Qb5 21.Nd4 Qxc5 22.Rfe1 Qxe5
23.Rac1 O-O 24.b4 Qd5 25.Rxc7 Rfc8 26.Rec1 Rxc7 27.Rxc7 h6 28.Nc6 Qd1+ 29.Kf2 Qd6
30.Ne7+ Kh7 31.Rb7 Rd8  0-1

[Event "4NCL 2016-17"]
[Site "Northampton ENG"]
[Date "2017.01.14"]
[Round "3.21"]
[White "Flear,G"]
[Black "Hoffmann,Hen"]
[Result "0-1"]
[WhiteElo "2430"]
[BlackElo "2327"]

1.d4 d5 2.c4 dxc4 3.e4 e5 4.Nf3 exd4 5.Bxc4 Nc6 6.O-O Be6 7.Bb5 Bc5 8.b4 Bb6
9.a4 a6 10.Bxc6+ bxc6 11.a5 Ba7 12.Bb2 Nf6 13.Nbd2 O-O 14.Qc1 Re8 15.Ne5 Nxe4
16.Nxe4 Qd5 17.Qf4 Bf5 18.Nxc6 Qxc6 19.Ng3 Be4 20.Rac1 Qd5 21.Nxe4 Rxe4 22.Qxc7 h6
23.Rfd1 Re2 24.Ba1 d3 25.Qc6 Qxc6 26.Rxc6 Rae8 27.Bc3 d2  0-1

[Event "Portuguese Honra 2016-17"]
[Site "Lisbon POR"]
[Date "2017.01.15"]
[Round "1.4"]
[White "Fortunato,Antonio Eduardo"]
[Black "Santos,Isabel Pereira Dos"]
[Result "1/2-1/2"]
[WhiteElo "1642"]
[BlackElo "1613"]

1.d4 d5 2.c4 dxc4 3.e4 e5 4.d5 Nf6 5.Nc3 a6 6.Bxc4 b5 7.Bd3 Bc5 8.Nf3 Bg4
9.O-O O-O 10.Bg5 Nbd7 11.a3 Re8 12.h3 Bh5 13.g4 Bg6 14.Nh4 Qb8 15.Nxg6 hxg6
16.Ne2 Nh7 17.Bh4 g5 18.Bg3 f6 19.Bc2 Nhf8 20.h4 gxh4 21.Bxh4 Ng6 22.Bg3 Bd6
23.f3 Kf7 24.Kg2 Rh8 25.Rh1 Qb6 26.b4 Rxh1 27.Qxh1 Qe3 28.Qe1 Rh8 29.Bf2 Qxe2
30.Qxe2 Nf4+ 31.Kf1 Rh1+ 32.Bg1 Rxg1+ 33.Kxg1 Nxe2+ 34.Kf2 Nd4 35.Bd3 Nb6
36.Rb1 g5 37.Rh1 Kg7 38.Rb1 Na4 39.Ke3 Nb6 40.Rc1 Nd7 41.Rb1  1/2-1/2

[Event "Yuri M Nikitin Mem 2017"]
[Site "Pavlodar KAZ"]
[Date "2017.01.17"]
[Round "6.1"]
[White "Buts,Nikita"]
[Black "Bekturov,Tamerlan"]
[Result "0-1"]
[WhiteElo "2330"]
[BlackElo "2068"]

1.d4 d5 2.c4 dxc4 3.e4 Nc6 4.d5 Ne5 5.Nf3 Bg4 6.Bf4 Ng6 7.Bg3 e5 8.Bxc4 Bd6
9.O-O Nf6 10.h3 Bd7 11.Nc3 O-O 12.Nd2 a6 13.a4 Rb8 14.a5 Ne8 15.Bd3 Qg5 16.Nb3 Nf6
17.Re1 Nh5 18.Kh2 Ngf4 19.Bf1 Rbe8 20.Na4 Nxg3 21.fxg3 Nh5 22.g4 Qf4+ 23.Kg1 Ng3
24.Bd3 h5 25.gxh5 f5 26.Nac5 fxe4 27.Nxe4 Bb4 28.Nxg3 Qxg3 29.Rf1 e4 30.Rxf8+ Rxf8
31.Bxe4 Bd6 32.Bf3 Bxh3 33.Qe2 Qh2+ 34.Kf2 Qxg2+  0-1

[Event "Vladimir Dvorkovich Cup"]
[Site "Taganrog RUS"]
[Date "2017.01.20"]
[Round "8.2"]
[White "Volkov,Sergey1"]
[Black "Timofeev,Arty"]
[Result "1/2-1/2"]
[WhiteElo "2617"]
[BlackElo "2579"]

1.d4 d5 2.c4 dxc4 3.e4 Nc6 4.Nf3 Bg4 5.d5 Ne5 6.Bf4 Ng6 7.Be3 Nf6 8.Bxc4 Nxe4
9.h3 Bd7 10.O-O e5 11.dxe6 Bxe6 12.Bxe6 Qxd1 13.Bxf7+ Kxf7 14.Rxd1 Be7 15.Nc3 Nxc3
16.bxc3 Rhd8 17.Ng5+ Bxg5 18.Bxg5 Rd6 19.a4 Ke6 20.a5 Rf8 21.Re1+ Kd7 22.Be3 b6
23.Bd4 Rf7 24.g3 Re6 25.Rxe6 Kxe6 26.c4 Ne7 27.axb6 axb6 28.Re1+ Kd7 29.Kg2 Nf5
30.Be5 Nd6 31.Rc1 Kc6 32.Bf4 g6 33.h4 h5 34.f3 Rf5 35.Be3 Ra5 36.g4 Ra3 37.Kf2 Ra4
38.c5 Nc4 39.cxb6 cxb6 40.gxh5 gxh5 41.Bh6 b5 42.Kg3  1/2-1/2

[Event "15th Khazar Cup 2017"]
[Site "Rasht IRI"]
[Date "2017.01.25"]
[Round "7.2"]
[White "Sargissian,G"]
[Black "Idani,P"]
[Result "1-0"]
[WhiteElo "2667"]
[BlackElo "2552"]

1.d4 d5 2.c4 dxc4 3.e4 e5 4.Nf3 exd4 5.Bxc4 Nc6 6.O-O Bc5 7.Qb3 Qf6 8.e5 Qf5
9.Bd3 Qh5 10.Nbd2 Bb6 11.Ne4 Be6 12.Qa4 Bd7 13.Ng3 Qg4 14.e6 Qxe6 15.Re1 Ne5
16.Qd1 f6 17.Nxe5 fxe5 18.Qh5+ Kf8 19.Rxe5 Qg4 20.Qxg4 Bxg4 21.Bd2 a5 22.Rae1 Nf6
23.Bg5 Bd7 24.Ne4 Nxe4 25.R1xe4 h6 26.Be7+ Kg8 27.Bc5 Bxc5 28.Rxc5 c6 29.Re7 Be8
30.Rxb7 g6 31.Bc4+ Kf8 32.Kf1 a4 33.Ke2 Rd8 34.Be6 h5 35.h4 d3+ 36.Kd2 Rd4
37.Rc4  1-0

[Event "13th Moscow Open A 2017"]
[Site "Moscow RUS"]
[Date "2017.01.31"]
[Round "4.9"]
[White "Sychev,K"]
[Black "Pridorozhni,A"]
[Result "1/2-1/2"]
[WhiteElo "2449"]
[BlackElo "2568"]

1.d4 d5 2.c4 dxc4 3.e4 Nf6 4.e5 Nd5 5.Bxc4 Nb6 6.Bd3 Nc6 7.Ne2 Bg4 8.Be3 e6
9.Nbc3 Qd7 10.O-O O-O-O 11.a4 a6 12.f3 Bf5 13.Bxf5 exf5 14.Bf2 Nb4 15.Nf4 N6d5
16.Nfxd5 Nxd5 17.Nxd5 Qxd5 18.Qb1 g6 19.b4 Be7 20.Rc1 Rd7 21.b5 a5 22.Ra2 Kb8
23.Rac2 Ba3 24.Rd1 Re8 25.Bg3 Re6 26.Rd3 Bb4 27.Qc1 h5 28.h4 b6 29.Kh1 Kb7
30.Kh2 c6 31.Rd1 cxb5 32.axb5 Ree7 33.Qf4 Qxb5 34.e6 fxe6  1/2-1/2

[Event "54th ch-CUB Absoluto 2017"]
[Site "Villa Clara CUB"]
[Date "2017.02.02"]
[Round "1.5"]
[White "Espinosa Veloz,E"]
[Black "Gomez Garrido,C"]
[Result "0-1"]
[WhiteElo "2520"]
[BlackElo "2526"]

1.d4 d5 2.c4 dxc4 3.e4 Nf6 4.e5 Nd5 5.Bxc4 Nb6 6.Bb3 Nc6 7.Ne2 Bf5 8.Nbc3 e6
9.O-O Qd7 10.Be3 O-O-O 11.Rc1 Kb8 12.Na4 h6 13.Nxb6 axb6 14.Ba4 Be7 15.Bb5 Qc8
16.Qa4 Nb4 17.Nc3 Nd5 18.Bc4 Nxc3 19.Rxc3 Be4 20.b4 Qd7 21.Bb5 c6 22.d5 Qxd5
23.Bxc6 bxc6 24.Bxb6 Rd7 25.Bc5 Bxc5 26.bxc5 Rb7 27.Rd1 Rd8 28.Rf1 Bd3 29.Rfc1 Bb5
30.Qc2 Qd2 31.Qb1 Ba4 32.Qa1 Rb2 33.Rf3 Bd1  0-1

[Event "ch-LTU 2017"]
[Site "Vilnius LTU"]
[Date "2017.02.26"]
[Round "2.5"]
[White "Sakalauskas,V"]
[Black "Velioniskis,R"]
[Result "1/2-1/2"]
[WhiteElo "2357"]
[BlackElo "1931"]

1.d4 d5 2.c4 dxc4 3.e4 e5 4.Nf3 exd4 5.Bxc4 Nc6 6.O-O Be6 7.Bb5 Bc5 8.b4 Bb6
9.a4 a6 10.Bxc6+ bxc6 11.Bb2 a5 12.Nxd4 Bxd4 13.Bxd4 Nf6 14.e5 Nd5 15.bxa5 Rxa5
16.Qc2 O-O 17.Nc3 c5 18.Nxd5 cxd4 19.Nxc7 Bb3 20.Qxb3 Qxc7 21.e6 fxe6 22.Qxe6+ Qf7
23.Qb6 Qd5 24.Ra3 Rc8 25.h3 Qc5 26.Qe6+ Kh8 27.Re1 Rf8 28.Ra2 h6 29.Qg4 Qc4
30.Rd2 Rxa4 31.Qd7 Qb4 32.Red1 Ra1 33.Rxd4 Rxd1+ 34.Rxd1 Qf4 35.Qa7 Rf7 36.Qa2 Qf6
37.Qd2 Qf4 38.Qe2 Kh7 39.Qc2+ Qf5 40.Qe2 Qf4 41.Rd2 Qf5 42.Rd3 Rc7 43.Qd2 Qc5
44.Qe1 Qc1 45.Rd1 Qf4 46.Qe2 Rf7 47.Rb1 Rf6 48.Re1 Rf7 49.Qc2+ Qf5 50.Qd2 Rd7
51.Qb2 Rc7 52.Rc1 Re7 53.Qd2 Rf7 54.Rc4 Qb1+ 55.Kh2 Qf5 56.f4 g6 57.Rd4 h5
58.Qc3 Qf6 59.Qc4 Kg7 60.Kh1 Kh7 61.Qd3 Kg7 62.Rd6 Qf5 63.Qd4+ Kh7 64.Rd8 Qf6
65.g3 Qxd4 66.Rxd4 Ra7 67.Rd2 Kg7 68.Kg2 Ra3 69.h4 Kf6 70.Rd6+ Kf5 71.Rd5+ Kf6
72.Re5 Ra2+ 73.Kf3 Ra3+ 74.Re3 Ra2 75.Rb3 Rc2 76.Rb6+ Kf5 77.Rb5+ Kf6 78.Rg5 Ra2
79.f5 Ra3+ 80.Kg2 Ra2+ 81.Kh3 gxf5 82.Rxh5 Rb2 83.Rh6+ Kf7 84.Ra6 Kg7 85.h5 Rb4
86.Rg6+ Kf7 87.Kg2 Rg4 88.Rxg4 fxg4 89.Kf2 Kf6 90.Ke3 Kg5 91.Ke4 Kxh5 92.Kf4 Kh6
93.Kxg4 Kg6 94.Kf4 Kf6 95.g4 Kg6 96.g5 Kg7 97.Kf5 Kf7 98.g6+ Kg7 99.Kg5 Kg8
100.Kf6 Kf8 101.g7+ Kg8 102.Kg6  1/2-1/2

[Event "8th Pfalz Open 2017"]
[Site "Neustadt an der Weinstrasse GER"]
[Date "2017.02.27"]
[Round "6.6"]
[White "Yankelevich,L"]
[Black "Huschenbeth,N"]
[Result "0-1"]
[WhiteElo "2411"]
[BlackElo "2581"]

1.d4 d5 2.c4 dxc4 3.e4 b5 4.a4 c6 5.axb5 cxb5 6.Nc3 a6 7.Nxb5 axb5 8.Rxa8 Bb7
9.Ra1 e6 10.Nf3 Nf6 11.Be2 Bb4+ 12.Bd2 Bxd2+ 13.Qxd2 Nxe4 14.Qe3 Bd5 15.b3 cxb3
16.Bxb5+ Nd7 17.O-O O-O 18.Rab1 Nb6 19.Bd3 Nd6 20.Nd2 Nbc4 21.Nxc4 Nxc4 22.Bxc4 Bxc4
23.Rfc1 Bd5 24.Rc5 Qa8 25.Qc3 g6 26.f3 Rb8 27.Kf2 Qa2+ 28.Rb2 Qa6 29.Rc7 Ra8
30.h4 h5 31.Rc5 Kh7 32.Rxd5 exd5 33.Rxb3 Qf6 34.g3 Qf5 35.Kg2 Rc8 36.Qd3 Rc4
37.Kg1 Qc8 38.Rb1 Qc7 39.Kh1 Rc3 40.Qd2 Rxf3  0-1

[Event "TCh-NOR Codanserien"]
[Site "Norway NOR"]
[Date "2017.03.03"]
[Round "7.3"]
[White "Urkedal,F"]
[Black "Haldorsen,Benjamin"]
[Result "0-1"]
[WhiteElo "2549"]
[BlackElo "2281"]

1.d4 d5 2.c4 dxc4 3.e4 e5 4.Nf3 exd4 5.Bxc4 Nc6 6.O-O Be6 7.Bxe6 fxe6 8.Qb3 Qd7
9.Qxb7 Rb8 10.Qa6 Bd6 11.Nbd2 Nge7 12.b3 O-O 13.Bb2 e5 14.Rfc1 Kh8 15.a3 Rb6
16.Qa4 Qg4 17.h3 Qg6 18.Ne1 Nd8 19.Nd3 Ne6 20.Re1 Nd5 21.Nf1 Ndf4 22.Nxf4 Nxf4
23.Ng3 Qf7 24.Nf5 Nd3 25.Re2 Rxb3 26.Bc1 Nc5 27.Qa5 Rc3 28.Qxa7 Qc4 29.Re1 Nd3
30.Nxd6 cxd6 31.Qe7 Rg8 32.Bd2 Nxe1 33.Rxe1 Rc2 34.Bb4 Rc1 35.Qxd6 Rxe1+
36.Bxe1 Qe2 37.Bb4 Qxe4 38.Qd7 h6 39.Qe6 Rd8 40.Be7 Qd5 41.Qg6 Rd7 42.Bb4 e4
43.h4 Rf7 44.g4 e3 45.Be1 Qf3  0-1

[Event "TCh-CZE 1 Liga Zapad"]
[Site "Czech Republic CZE"]
[Date "2017.03.05"]
[Round "9.5"]
[White "Juptner,J"]
[Black "Zvara,P"]
[Result "0-1"]
[WhiteElo "2282"]
[BlackElo "2385"]

1.d4 d5 2.c4 dxc4 3.e4 Nc6 4.Nf3 Bg4 5.d5 Ne5 6.Bf4 Ng6 7.Bg3 e5 8.Bxc4 Bd6
9.Nc3 a6 10.Be2 Nf6 11.Nd2 Bd7 12.Nc4 O-O 13.O-O b5 14.Nxd6 cxd6 15.Bd3 Nf4
16.Bxf4 exf4 17.Qd2 g5 18.g3 Bh3 19.Rfe1 Qd7 20.e5 dxe5 21.Rxe5 h6 22.Bf1 Bxf1
23.Rxf1 Qh3 24.gxf4 Qg4+ 25.Kh1 Qf3+ 26.Kg1 gxf4 27.Qd1 Qh3 28.f3 Kh8 29.Rf2 Rg8+
30.Kh1 Rg7 31.Ne4 Nd7 32.Re7 Rag8 33.Qf1 Qf5 34.Rxd7 Qxd7 35.d6 f5  0-1

[Event "33rd Mukachevo Rating IM"]
[Site "Mukachevo UKR"]
[Date "2017.03.23"]
[Round "7.2"]
[White "Matviishen,Viktor"]
[Black "Tiba,V"]
[Result "1/2-1/2"]
[WhiteElo "2405"]
[BlackElo "2302"]

1.d4 d5 2.c4 dxc4 3.e4 Nf6 4.e5 Nd5 5.Bxc4 Nb6 6.Bd3 Nc6 7.Ne2 Bg4 8.f3 Be6
9.Nbc3 Qd7 10.Ne4 Bd5 11.Nc5 Qc8 12.Be3 e6 13.Qc1 Bxc5 14.Qxc5 Qd7 15.a3 Ne7
16.O-O Bc6 17.Rac1 Nbd5 18.Bg5 h6 19.Bxe7 Nxe7 20.b4 b6 21.Qc2 Bb5 22.Bxb5 Qxb5
23.Qe4 Rc8 24.Nc3 Qa6 25.a4 O-O 26.Rfd1 c6 27.Qd3 Qxd3 28.Rxd3 Rfd8 29.Ne4 Nf5
30.Rcd1 Rd5 31.g4 Ne7 32.Kf2 a5 33.Nd6 Rc7 34.Rb3 axb4 35.Rxb4 c5 36.Rc4  1/2-1/2

[Event "CCCSA GM 2017"]
[Site "Charlotte USA"]
[Date "2017.03.29"]
[Round "1.4"]
[White "Brown,Michael William"]
[Black "Gurevich,Daniel"]
[Result "1/2-1/2"]
[WhiteElo "2478"]
[BlackElo "2465"]

1.d4 d5 2.c4 dxc4 3.e4 Nf6 4.e5 Nd5 5.Bxc4 Nc6 6.Nf3 Bf5 7.O-O e6 8.a3 Nb6
9.Ba2 Qd7 10.Nc3 O-O-O 11.Be3 Be7 12.Qe2 g5 13.Rfd1 Rhg8 14.d5 exd5 15.Bxb6 axb6
16.Nxd5 Qe8 17.Rac1 Kb8 18.b4 g4 19.Nd4 Nxd4 20.Rxd4 c6 21.Rf4 Be6 22.Nxe7 Qxe7
23.Bxe6 Qxe6 24.g3 f5 25.Qe3 Kc7 26.a4 Rge8 27.a5 bxa5 28.bxa5 Qxe5 29.Qb6+ Kb8
30.a6 Qb5 31.a7+ Ka8 32.Qxb5 cxb5 33.Rxf5 Rf8 34.Rxb5 Rd2 35.Rf1 Kxa7 36.Rg5 Rd4
37.Ra1+ Kb6 38.Rg7 Rd2 39.Rf1 h5 40.Rg5 Rh8 41.Rb1+ Kc6 42.Rg6+ Kc5 43.Rxb7 Rf8
44.Rc7+ Kb5 45.Rh7 Rf5 46.Rb7+ Kc5 47.Rc7+ Kb5 48.Rb7+ Kc5 49.Rc7+ Kb5  1/2-1/2

[Event "CCCSA GM 2017"]
[Site "Charlotte USA"]
[Date "2017.03.30"]
[Round "3.5"]
[White "Ringoir,T"]
[Black "Gurevich,Daniel"]
[Result "1/2-1/2"]
[WhiteElo "2518"]
[BlackElo "2465"]

1.d4 d5 2.c4 dxc4 3.e4 Nf6 4.e5 Nd5 5.Bxc4 Bf5 6.a3 e6 7.Nc3 c6 8.Nge2 Nd7
9.Nxd5 cxd5 10.Bd3 Bxd3 11.Qxd3 Be7 12.Qg3 g6 13.Bh6 Qa5+ 14.Nc3 Qa6 15.Rc1 Rc8
16.Qf3  1/2-1/2

[Event "ch-USA 2017"]
[Site "Saint Louis USA"]
[Date "2017.04.04"]
[Round "6.5"]
[White "Naroditsky,D"]
[Black "Xiong,Jeffery"]
[Result "1/2-1/2"]
[WhiteElo "2646"]
[BlackElo "2674"]

1.d4 d5 2.c4 dxc4 3.e4 Nf6 4.e5 Nd5 5.Bxc4 Nb6 6.Bd3 Nc6 7.Ne2 Bg4 8.f3 Be6
9.Nbc3 Qd7 10.Ne4 Bd5 11.Nc5 Qc8 12.Bd2 e6 13.Rc1 Bxc5 14.Rxc5 Qd7 15.a4 Qe7
16.Be3 Nb4 17.a5 Nd7 18.Rxc7 Qd8 19.Rc3 Nxd3+ 20.Qxd3 Qxa5 21.O-O O-O 22.Nf4 Bc6
23.Rfc1 Rfd8 24.Qe2 Nf8 25.Rc5 Qa4 26.Qd2 Ng6 27.Ra5 Qb3 28.Nd3 Rd5 29.Ra3 Qb5
30.Nc5 Qb6 31.Rb3 Qd8 32.Nxb7 Bxb7 33.Rxb7 Nxe5 34.Rcc7 Rd7 35.Rxd7 Nxd7
36.d5 Qc8 37.Rxa7 Rxa7 38.Bxa7  1/2-1/2

[Event "3rd Ordu Open 2017"]
[Site "Ordu TUR"]
[Date "2017.04.09"]
[Round "9.9"]
[White "Sanikidze,T"]
[Black "Malakhatko,V"]
[Result "1-0"]
[WhiteElo "2520"]
[BlackElo "2497"]

1.d4 d5 2.c4 dxc4 3.e4 Nc6 4.d5 Ne5 5.Bf4 Ng6 6.Be3 Nf6 7.Nc3 e5 8.f3 Bd6
9.Bxc4 O-O 10.Nge2 a6 11.a4 Nh5 12.O-O Nhf4 13.g3 Nxe2+ 14.Qxe2 Qe7 15.Kh1 Bh3
16.Rf2 Rae8 17.Qe1 Bd7 18.Bd3 f6 19.h4 Nh8 20.Rc1 Nf7 21.Rh2 Nh8 22.Qd1 Nf7
23.Qb3 Nd8 24.Qc2 Nf7 25.g4 Nh8 26.Ne2 Ng6 27.Qb3 Nf4 28.Nxf4 exf4 29.Bd4 Bc8
30.Rhc2 Kh8 31.Bc5 h5 32.Bxd6 cxd6 33.Rg1 hxg4 34.fxg4 Qe5 35.Qb6 f3 36.Qe3 Bd7
37.Qxf3 Bxa4 38.Rc7 Bb5 39.g5 Bxd3 40.Qh5+ Kg8 41.Rxg7+  1-0

[Event "13th 4NCL Congress 2017"]
[Site "Wakefield ENG"]
[Date "2017.04.09"]
[Round "5.6"]
[White "Savage,Nicholas W"]
[Black "Modi,Kishan Jagdish"]
[Result "1/2-1/2"]
[WhiteElo "2021"]
[BlackElo "1640"]

1.d4 d5 2.c4 dxc4 3.e4 e5 4.Nf3 exd4 5.Bxc4 Nc6 6.O-O Be6 7.Bb5 Bc5 8.b4 Bb6
9.a4 a6 10.Bxc6+ bxc6 11.a5 Ba7 12.Bb2 Nf6 13.Bxd4 Bxd4 14.Nxd4 Nxe4 15.Nxe6 Qxd1
16.Nxg7+ Kf8 17.Rxd1 Kxg7 18.f3 Nf6 19.Nc3 Rhd8 20.Rac1 Rab8 21.Rxd8 Rxd8  1/2-1/2

[Event "TV2 GM Open 2017"]
[Site "Fagernes NOR"]
[Date "2017.04.11"]
[Round "3.1"]
[White "Postny,E"]
[Black "Christiansen,Johan-Sebastian"]
[Result "1-0"]
[WhiteElo "2606"]
[BlackElo "2429"]

1.d4 d5 2.c4 dxc4 3.e4 e5 4.Nf3 exd4 5.Bxc4 Nc6 6.O-O Be6 7.Nbd2 Bd6 8.Bxe6 fxe6
9.Qb3 Qd7 10.Qxb7 Rb8 11.Qa6 Nge7 12.b3 O-O 13.Bb2 e5 14.Ne1 Kh8 15.Qc4 Ng6
16.g3 Bb4 17.Rd1 Rb6 18.Qe2 Nd8 19.Nc4 Rbf6 20.Nd3 Bd6 21.f4 exf4 22.Bxd4 f3
23.Qf2 R6f7 24.Bxa7 Qg4 25.e5 Be7 26.e6 Qxe6 27.Rfe1 Qa6 28.Nde5 Nxe5 29.Nxe5 Rf5
30.Nd7 R8f7 31.Bc5 Nc6 32.Bxe7 Nxe7 33.Nc5 Qa8 34.Ne6 Nc6 35.Nf4 Ne5 36.Rd5 Ng4
37.Qxf3 Nf6 38.Ng6+ hxg6 39.Rxf5 Qxa2 40.Rf4 g5 41.Ra4 Qc2 42.Ra8+ Kh7 43.Rd8 Kh6
44.Qd3 Qc5+ 45.Qe3 Qf5 46.h4 Kh5 47.Qe5 Ng4 48.Rh8+ Nh6 49.Qxf5 Rxf5 50.Re4 Rf3
51.Kg2 Rxb3 52.Re5 Kg6 53.Rxg5+ Kf6 54.Rf8+ Nf7 55.Rg4 Rb2+ 56.Kh3 Ke7 57.Rc8 Kd7
58.Rg8  1-0

[Event "TV2 GM Open 2017"]
[Site "Fagernes NOR"]
[Date "2017.04.15"]
[Round "8.4"]
[White "Urkedal,F"]
[Black "Blomqvist,E"]
[Result "1/2-1/2"]
[WhiteElo "2552"]
[BlackElo "2548"]

1.d4 d5 2.c4 dxc4 3.e4 e5 4.Nf3 exd4 5.Bxc4 Nc6 6.O-O Bc5 7.Qb3 Qf6 8.Re1 Nge7
9.e5 Qf5 10.Bd3 Qh5 11.Nbd2 Bb4 12.Re4 Be6 13.Qa4 Bf5 14.Rh4 Qg6 15.Ne4 Nd5
16.Qc2 Kf8 17.Qb3 Rd8 18.Bg5 Be7 19.Bxe7+ Ncxe7 20.Qxb7 Qb6 21.Qxb6 axb6
22.Nxd4 Bg6 23.Bc4 Nb4 24.Ng5 c5 25.Nb5 Nec6 26.f4 Nc2 27.Rc1 Ne3 28.Nd6 Nxc4
29.Rxc4 Ke7 30.f5 Nxe5 31.fxg6 Kxd6 32.Nxf7+ Nxf7 33.gxf7 Rhf8 34.Rxh7 Rxf7
35.Rg4 Kc6 36.h4 Rd2 37.b3 Rxa2 38.Rhxg7 Rff2 39.h5 Rfb2 40.h6 Rxb3 41.Kh2 Ra1
42.Rh4 Rbb1 43.Rgg4 Rh1+ 44.Kg3 Rxh4 45.Rxh4 Ra8 46.h7 Rh8 47.Kf4 c4 48.Rh3 b5
49.g4 b4 50.g5 c3 51.g6 c2 52.Rh1 b3 53.Rc1 Kb7 54.g7 b2 55.Rxc2 b1=Q 56.gxh8=Q Qf1+
57.Ke3 Qh3+ 58.Ke4 Qg4+ 59.Kd3 Qf3+ 60.Kd4 Qf4+ 61.Kd5 Qf3+ 62.Kc4 Qc6+ 63.Kd4 Qd7+
64.Ke5 Qe7+ 65.Kf5 Qd7+ 66.Kf4 Qf7+ 67.Ke4 Qg6+ 68.Kd4 Qd6+ 69.Kc3 Qc5+ 70.Kb3 Qb5+
71.Ka3 Qa5+ 72.Kb2 Qb4+ 73.Ka2 Qa5+ 74.Kb1 Qe1+ 75.Rc1 Qe4+ 76.Ka2 Qa4+ 77.Kb1 Qe4+
78.Rc2 Qe1+ 79.Ka2 Qa5+ 80.Kb3 Qb5+ 81.Kc3 Qc5+ 82.Kd2 Qf2+ 83.Kd3 Qf3+ 84.Kd4 Qf4+
85.Kd5 Qf3+ 86.Kd6 Qd3+ 87.Ke7 Qe4+ 88.Kf7 Qf5+ 89.Ke7 Qd3  1/2-1/2

[Event "44th La Roda Open 2017"]
[Site "La Roda ESP"]
[Date "2017.04.15"]
[Round "6.20"]
[White "Serarols Mabras,Bernat"]
[Black "Chueca Forcen,A"]
[Result "1/2-1/2"]
[WhiteElo "2246"]
[BlackElo "2356"]

1.d4 d5 2.c4 dxc4 3.e4 Nf6 4.e5 Nd5 5.Bxc4 Nb6 6.Bb3 Nc6 7.Ne2 Bf5 8.Nbc3 e6
9.O-O Qd7 10.Be3 O-O-O 11.Qc1 f6 12.Rd1 Nb4 13.Ng3 Bg6 14.d5 N4xd5 15.Bxb6 axb6
16.Nxd5 exd5 17.Bxd5 Qe8 18.a4 Bb4 19.Qf4 Qxe5 20.Qf3 Kb8 21.Bxb7 Ka7 22.a5 bxa5
23.Bd5 Bc2 24.Rdc1 Qxd5 25.Qe3+ Kb8 26.Rxc2 Rhe8 27.Qf3 Qxf3 28.gxf3 Rd2
29.Rxd2 Bxd2 30.Kg2 Re1 31.Ra3 Kb7 32.Rd3 Bb4 33.b3 Re7 34.f4 Kb6 35.Kf3 a4
36.bxa4 Ka5 37.Nf5 Rf7 38.Rd8 Kxa4 39.h4 c5 40.Rc8 Kb3 41.Ne3 Rd7 42.h5 Ra7
43.Rc6 Re7 44.Rc8 Rb7 45.Rc6 Ka4 46.h6 gxh6 47.Rxf6 Bc3 48.Rxh6 Bd4 49.Nf5 Rb3+
50.Ke4 Bxf2 51.Rxh7 c4 52.Rh2 Bb6 53.Nd4 Rb1 54.Ne2 Kb4 55.f5 c3 56.Nxc3 Kxc3
57.Kd5 Bd8 58.Rh3+ Kd2 59.Ke6 Rb6+ 60.Ke5 Ke2 61.Ke4  1/2-1/2

[Event "18th ch-EUR Indiv w 2017"]
[Site "Riga LAT"]
[Date "2017.04.15"]
[Round "5.19"]
[White "Kashlinskaya,A"]
[Black "Gara,T"]
[Result "1-0"]
[WhiteElo "2426"]
[BlackElo "2325"]

1.d4 d5 2.c4 dxc4 3.e4 Nc6 4.Nf3 Bg4 5.d5 Ne5 6.Bf4 Ng6 7.Bg3 e6 8.Qa4+ Qd7
9.Qxd7+ Kxd7 10.Ng5 Bb4+ 11.Nc3 exd5 12.Nxf7 d4 13.f3 Be6 14.Nxh8 Nxh8 15.O-O-O Bxc3
16.bxc3 d3 17.Be5 Nf6 18.g4 Ng6 19.Bg3 Rf8 20.Kd2 h5 21.h3 hxg4 22.hxg4 Bxg4
23.fxg4 Nxe4+ 24.Kc1 Nxg3 25.Bxd3 cxd3 26.Rxd3+ Kc6 27.Rxg3 Rf2 28.Rh7 Nf4
29.Kb1 Ne6 30.Re3 Rf6 31.Rh5 Kd6 32.Rf5 Rh6 33.Rf2 Rg6 34.Rd2+ Kc6 35.Kc2 Nc5
36.Rg2 Rg5 37.Kd2 Nd7 38.Ke2 Ne5 39.Re4 Kd5 40.Ke3 Rg6 41.g5 Nf7 42.Re7 Nxg5
43.Rxc7 Re6+ 44.Kf4 Ne4 45.Rgxg7 Rf6+ 46.Ke3 Nd6 47.Rgd7 Ke5 48.Rd8 Rh6 49.Re7+ Kd5
50.Rxb7 Rh3+ 51.Kd2 Rh2+ 52.Kd3 Rxa2 53.Rdd7 Rh2 54.Rxa7 Rh3+ 55.Kc2 Kc6
56.Rac7+ Kb6 57.Kb3 Nb5 58.Rc8 Rh1 59.c4 Rb1+ 60.Kc2 Na3+ 61.Kc3 Rc1+ 62.Kb3 Nb5
63.Kb2 Rc3 64.Rb8+  1-0

[Event "Reykjavik Open 2017"]
[Site "Reykjavik ISL"]
[Date "2017.04.23"]
[Round "6.17"]
[White "Shirov,A"]
[Black "Ris,R"]
[Result "1/2-1/2"]
[WhiteElo "2693"]
[BlackElo "2419"]

1.d4 d5 2.c4 dxc4 3.e4 b5 4.a4 c6 5.axb5 cxb5 6.Nc3 a6 7.Nxb5 axb5 8.Rxa8 Bb7
9.Ra2 e6 10.f3 f5 11.exf5 Nc6 12.Ne2 Nge7 13.Bg5 h6 14.Bh4 Qd7 15.Nc3 Nxf5
16.Bf2 Ncxd4 17.Be2 b4 18.O-O bxc3 19.bxc3 Nxe2+ 20.Qxe2 Bd6 21.Ra7 Bb8 22.Rxb7 Qxb7
23.Qxe6+ Ne7 24.Re1 Ba7 25.Qg6+ Kf8 26.Qd6 Kf7 27.Qe6+ Ke8 28.Qg6+ Kf8 29.Qd6 Kf7
30.Qe6+  1/2-1/2

[Event "Reykjavik Open 2017"]
[Site "Reykjavik ISL"]
[Date "2017.04.24"]
[Round "7.42"]
[White "Aradhya,Garg"]
[Black "Johansson,Ju"]
[Result "1-0"]
[WhiteElo "2315"]
[BlackElo "2122"]

1.d4 d5 2.c4 dxc4 3.e4 Nc6 4.Nf3 Nf6 5.d5 Nxe4 6.Be3 Nb8 7.Bxc4 Nd6 8.Bb3 c6
9.O-O cxd5 10.Qxd5 e6 11.Qh5 Nc6 12.Nc3 Qa5 13.Qg4 Qf5 14.Qxf5 Nxf5 15.Nb5 Nxe3
16.fxe3 Rb8 17.Ng5 Ne5 18.Ba4 Bc5 19.Nxf7 Nxf7 20.Nd6+ Ke7 21.Nxf7 Rf8 22.Ne5 Rf5
23.Nf3 g5 24.Bc2 Rf6 25.Nd4 Bd7 26.Bb3 Rbf8 27.Rxf6 Rxf6 28.Rf1 a6 29.Rxf6 Kxf6
30.Kf2 e5 31.Ne2 Be8 32.Nc3 Bc6 33.Bc2 Bb5  1-0

[Event "ch-CRO 2017"]
[Site "Valpovo CRO"]
[Date "2017.04.25"]
[Round "1.6"]
[White "Kozul,Z"]
[Black "Stevic,H"]
[Result "1/2-1/2"]
[WhiteElo "2631"]
[BlackElo "2601"]

1.d4 d5 2.c4 dxc4 3.e4 e5 4.Nf3 exd4 5.Bxc4 Nc6 6.O-O Be6 7.Bxe6 fxe6 8.Qb3 Qd7
9.Qxb7 Rb8 10.Qa6 Nf6 11.Nbd2 Bd6 12.a3 O-O 13.b4 e5 14.Ne1 Nd8 15.Nd3 Nf7
16.f3 Rb6 17.Qc4 Rc6 18.Qa2 Rc3 19.Ne1 c5 20.Nc4 cxb4 21.axb4 Qe6 22.Nxd6 Qxa2
23.Rxa2 Nxd6 24.Bd2 Rb3 25.Rxa7 Nc4 26.Ra2 Ne8 27.f4 Ned6 28.Nf3 Nxe4 29.fxe5 Rbxf3
30.Rxf3 Rxf3 31.gxf3 Nexd2 32.Kf2 Nb3 33.e6 Kf8 34.Ra7 d3 35.Rf7+ Ke8 36.Rxg7 d2
37.Rd7 Nb2 38.Ke2 d1=Q+ 39.Rxd1 Nxd1 40.Kxd1 Nd4 41.Kd2 Nxf3+ 42.Ke3 Ng5
43.b5 Nxe6 44.b6 Kd7 45.Ke4 Kc6 46.Kf5 Nd4+ 47.Kg5 Nf3+ 48.Kh6 Nxh2 49.Kxh7 Kxb6  1/2-1/2

[Event "World Senior Teams +50"]
[Site "Hersonissos GRE"]
[Date "2017.04.29"]
[Round "6.6"]
[White "Grahn,L"]
[Black "Mannion,Stephen R"]
[Result "0-1"]
[WhiteElo "2013"]
[BlackElo "2335"]

1.d4 d5 2.c4 dxc4 3.e4 Nc6 4.Be3 Nf6 5.f3 e5 6.d5 Na5 7.Qa4+ c6 8.b4 b5 9.Qxa5 Qxa5
10.bxa5 cxd5 11.exd5 Nxd5 12.Bd2 Nb4 13.Kd1 Bf5 14.a3 Nc2 15.Ra2 Nd4 16.Nc3 O-O-O
17.Nge2 b4 18.axb4 Bxb4 19.Ke1 Nb3 20.Ra4 Nc5 21.Rxb4 Nd3+ 22.Kd1 Nxb4 23.Nc1 Rd7
24.Ke1 Nc2+ 25.Ke2 Rhd8 26.Be1 Bd3+ 27.Kf2 Bxf1 28.Rxf1 f5 29.Kg1 Ne3 30.Rf2 f4
31.Re2 g5 32.N1a2 h5 33.Nb4 g4 34.Nc6 Re8 35.Rb2 Re6 36.Nb4 gxf3 37.gxf3 Rg6+
38.Kh1 Nd1 39.Nxd1 Rxd1 40.Re2 Kd7 41.Rd2+ Rxd2 42.Bxd2 h4 43.Bc3 Kd6 44.Nc2 h3
45.Na3 Kc5 46.Nc2 Rg2 47.Ne1 Re2 48.Kg1 Kd5 49.Bb4 Kd4  0-1